Normal view
MARC view
Entry Personal Name
001 - CONTROL NUMBER
- control field: 4835
003 - CONTROL NUMBER IDENTIFIER
- control field: BD-RjUL
005 - DATE AND TIME OF LATEST TRANSACTION
- control field: 20220915120748.0
008 - FIXED-LENGTH DATA ELEMENTS
- fixed length control field: 220915|| aca||aabn | a|a d
040 ## - CATALOGING SOURCE
- Original cataloging agency: BD-RjUL
- Transcribing agency: BD-RjUL
100 ## - HEADING--PERSONAL NAME
- Personal name: যূথী, জান্নাতুল
670 ## - SOURCE DATA FOUND
- Source citation: Work cat.: (BD-RjUL)80368: যূথী, জান্নাতুল , রবীন্দ্রগল্পে সামাজিক পরিপ্রেক্ষিত /, ২০২২